Развитие и използване на Националния комплекс "Дунав" (Запис номер 159540)
[ съкратено ]
| 000 -Лидер | |
|---|---|
| Контролно поле с фиксирана дължина | 02461nam a2200421 c 4500 |
| 003 - Код на организацията, давaща контролен номер | |
| Контролно поле | BLK |
| 005 - Дата и час на последна редакция | |
| Контролно поле | 20221212160045.0 |
| 008 - Елементи от данни с фиксирана дължина | |
| fixed length control field | 180410b bul|||||r ||||||| ||bul|| |
| 010 ## - Наследен системен номер | |
| LC control number | KNG00166711000 |
| 040 ## - Източник на каталожния запис | |
| Идентификатор на билиотеката - собственик на записа | BLK |
| 041 ## - Код за език | |
| Код за езика на текст/звукозапис или на отделно заглавие | Български |
| Код за езика КДБФ | Български |
| 072 #7 - Код за тематичната категория | |
| Код организация | bullib |
| Код за тематична категория | К |
| Текст | Краезнание |
| 080 ## - УДК | |
| Текстов определител УДК | Икономическо положение. Икономическа политика. Управление. Планиране. Производство. Услуги. Цени |
| УДК код - определител по УДК | 338 |
| УДК определител | (497.2) |
| УДК - код + определител | 338(497.2) |
| 080 ## - УДК | |
| Текстов определител УДК | Вътрешно корабоплаване. Речно корабоплаване - Речни пристанища и др. |
| УДК код - определител по УДК | 656.62 |
| УДК определител | (497.2) |
| УДК - код + определител | 656.62(497.2) |
| 100 1# - Редна дума - Автор | |
| Автор | Чолаков, Станчо |
| Авторска отговорност | първи автор |
| R(LIN) | 334527 |
| 139 ## - Редно поле | |
| Редна дума | Развитие и използване на Националния комплекс "Дунав" |
| Авторски знак | Раз - Р 20 |
| 245 10 - Сведения за заглавието | |
| Заглавие | Развитие и използване на Националния комплекс "Дунав" |
| Подзаглавни данни | Състояние, проблеми, персперктиви : Изследване |
| Редно поле (дума) | Станчо Чолаков; състав. и науч. ред. Кръстю Папазов. |
| 257 ## - Страна на издаване | |
| Страна на създаване/издаване | България |
| 260 ## - Област на издателските данни | |
| Място на издаване, разпространение и проч. | Варна |
| Име на издателя, разпространителя и проч. | Георги Бакалов |
| Година на издаване | 1981 |
| 300 ## - Физическа характеристика | |
| Страници | 152 с. |
| Илюстрации и др. | с табл. |
| Размери/Мащаб | 20 см |
| 380 ## - Жанр | |
| Жанр | Обществени науки |
| 500 ## - Общи забележки | |
| Забележка | Други авт.: Ст. Цанков, Щ. Райнов, Й. Стефанов, М. Деведжиев, Ат. Атанасов, Кр. Папазов, Н. Янков, Л. Ботев, А. Димитров, М. Минев. - 3 130 тир. - Библиогр. под линия. - Рез. на рус., нем., англ., фр. ез. |
| 650 #4 - Допълнително описание по предмет – тема | |
| Основно описание – тема или топоним | Дунав - социално, екологично и икономическо значение |
| 9 (RLIN) | 313145 |
| 650 #4 - Допълнително описание по предмет – тема | |
| Основно описание – тема или топоним | Транспорт, речен - България - управление и организация |
| 9 (RLIN) | 305569 |
| 650 #4 - Допълнително описание по предмет – тема | |
| Основно описание – тема или топоним | Пристанища - България |
| 9 (RLIN) | 294768 |
| 651 #4 - Допълнително описание по предмет - топоним | |
| Географско понятие | България |
| 9 (RLIN) | 241624 |
| 651 #4 - Допълнително описание по предмет - топоним | |
| Географско понятие | Дунав |
| 9 (RLIN) | 178849 |
| 653 ## - Ключова дума – ненормативна | |
| Ключова дума | воден транспорт |
| 653 ## - Ключова дума – ненормативна | |
| Ключова дума | пристанища |
| 653 ## - Ключова дума – ненормативна | |
| Ключова дума | река Дунав |
| 659 ## - Тематичен бюлетин | |
| Тематичен бюлетин | К |
| 700 1# - Други автори (авторска отговорност) | |
| Лично име | Папазов, Кръстю |
| Автороска отговорност (Описва отношението между автора и произведението) | състав. и науч. ред. |
| 9 (RLIN) | 381558 |
| 852 ## - Местоположение | |
| Форматна сигнатура | Цб 110090 |
| 852 ## - Местоположение | |
| Форматна сигнатура | К 338/Р 20 |
| 856 4# - Електронен адрес и достъп | |
| Електронен формат | pdf - файл |
| Инструкция (цена за достъп) | 0.00 |
| Права за достъп | disable |
| 856 4# - Електронен адрес и достъп | |
| Електронен формат | pdf - файл |
| Инструкция (цена за достъп) | 0.00 |
| Права за достъп | disable |
| 999 ## - СИСТЕМНИ КОНТРОЛНИ НОМЕРА | |
| Koha biblionumber | 159540 |
| Koha biblioitemnumber | 159540 |
| 942 ## - АРТИКУЛИ | |
| Вид на библиотечния материал | Книги |
| Скрит в OPAC | Не |
| Периодичен библиозапис | Да |
| 944 ## - СЪЗДАВАНЕ И РЕДАКЦИЯ на ЗАПИСА | |
| Създаване/Редакция | Създаване |
| Дата на регистрацията/редакция | 30.10.2014 |
| Статус, дата на статуса | 30.10.2014 - от С1,Р / 30.10.2014 |
| Служител, извършил регистрацията/редакцията | Валя_Йорданова |
| 944 ## - СЪЗДАВАНЕ И РЕДАКЦИЯ на ЗАПИСА | |
| Създаване/Редакция | Редакция |
| Дата на регистрацията/редакция | 03.11.2014 |
| Статус, дата на статуса | 30.10.2014 - от С1,Р / 30.10.2014 |
| 999 ## - СИСТЕМНИ КОНТРОЛНИ НОМЕРА | |
| Koha biblioitemnumber | 159540 |
| 999 ## - СИСТЕМНИ КОНТРОЛНИ НОМЕРА | |
| Koha biblioitemnumber | 159540 |
| Код за отписване | Код за изгубен артикул | Източник на класификационната схема | Код за повреда | Коз за рестрикции | Код за отдаване | Артикулен № | Име на библиотеката - собственик | Име на библиотеката, в която се намира в момента | Статус (Текущо местоположение) | Дата на вписване в системата | Местоположение - отдел | Цена в лева | Инвентарен номер | Систематично азбучна сигнатура | Баркод | Номер на екземпляра | Цена в евро | Служебна бележка | Служебен тип на артикула |
|---|---|---|---|---|---|---|---|---|---|---|---|---|---|---|---|---|---|---|---|
| Не е изгубен | Universal Decimal Classification | Не е повреден | само за читалня | ползва се в читалня | 266552 | Регионална библиотека "Любен Каравелов" Русе | Регионална библиотека "Любен Каравелов" Русе | Хранилище | 1981-01-01 | Хранилище | 1.29 | 333981 | Цб 110090 | 120000333981 | 1 | 0.66 | Дост: Dp Вид: Д N: Сф Дата: 01.01.1981 | Книги | |
| Изтеглен | Не е изгубен | Universal Decimal Classification | Не е повреден | без рестрикции | заемане за дома | 266553 | Регионална библиотека "Любен Каравелов" Русе | Регионална библиотека "Любен Каравелов" Русе | Заемна - подръчен фонд | 1981-01-01 | Заемна - подръчен фонд | 0.00 | 333783 | П 338(497.2)/Р 20 | 333783 | 2 | 0.00 | N: Сф Дата: 01.01.1981 | Книги |
| Не е изгубен | Universal Decimal Classification | Не е повреден | без рестрикции | ползва се в читалня | 266554 | Регионална библиотека "Любен Каравелов" Русе | Регионална библиотека "Любен Каравелов" Русе | Краезнание | 1981-01-01 | Краезнание | 1.29 | 333784 | К 338/Р 20 | 120000333784 | 3 | 0.66 | N: Сф Дата: 01.01.1981 Дата инв: 09.11.2017 Бележки инв: К2017 | Книги |